[Event "31st Klatovy A 2025"]
[Site "Klatovy CZE"]
[Date "2025.06.29"]
[Round "2.4"]
[White "Vitak, Jiri"]
[Black "Honcharov, Makar"]
[Result "1-0"]
[WhiteElo "2308"]
[BlackElo "2099"]
[PlyCount "85"]
[EventDate "2025.06.28"]
[EventType "swiss"]
[EventRounds "9"]
[EventCountry "CZE"]

1. d4 {[%emt 0:00:04]} Nf6 {[%emt 0:00:02]} 2. c4 {[%emt 0:00:05]} g6 {[%emt 0:00:19]} 3. Nc3 {[%emt 0:00:19]} Bg7 {[%emt 0:00:08]} 4. e4 {[%emt 0:00:03]} d6 {[%emt 0:00:06]} 5. f3 {[%emt 0:00:06]} O-O {[%emt 0:00:07]} 6. Be3 {[%emt 0:00:04]} c5 {[%emt 0:00:10]} 7. Nge2 {[%emt 0:00:19]} Nc6 {[%emt 0:00:08]} 8. Qd2 {[%emt 0:00:23]} Qa5 {[%emt 0:00:48]} 9. d5 {[%emt 0:00:40]} Ne5 {[%emt 0:00:35]} 10. Nc1 {[%emt 0:00:13]} a6 {[%emt 0:00:06]} 11. Nb3 {[%emt 0:01:13]} Qb4 {[%emt 0:03:57]} 12. Nd1 {[%emt 0:00:21]} Qxd2+ {[%emt 0:01:36]} 13. Nxd2 {[%emt 0:00:05]} e6 {[%emt 0:15:59]} 14. a4 {[%emt 0:04:46]} exd5 {[%emt 0:00:49]} 15. cxd5 {[%emt 0:00:13]} Re8 {[%emt 0:00:05]} 16. Nc3 {[%emt 0:28:28]} Bd7 {[%emt 0:02:15]} 17. a5 {[%emt 0:08:26]} b5 {[%emt 0:14:39]} 18. axb6 {[%emt 0:00:11]} Reb8 {[%emt 0:00:06]} 19. Kd1 {[%emt 0:10:28]} Rxb6 {[%emt 0:00:27]} 20. Kc2 {[%emt 0:00:05]} Rab8 {[%emt 0:01:34]} 21. Ra2 {[%emt 0:00:20]} Bb5 {[%emt 0:02:25]} 22. Nxb5 {[%emt 0:03:47]} axb5 {[%emt 0:00:22]} 23. Be2 {[%emt 0:00:05]} R6b7 {[%emt 0:02:38]} 24. Rha1 {[%emt 0:03:28]} Ne8 {[%emt 0:07:18]} 25. Ra7 {[%emt 0:02:42]} Nc7 {[%emt 0:00:09]} 26. R1a2 {[%emt 0:32:59]} Nd7 {[%emt 0:05:33]} 27. b3 {[%emt 0:05:49]} Be5 {[%emt 0:03:17]} 28. h3 {[%emt 0:01:01]} Nb6 {[%emt 0:00:17]} 29. Rxb7 {[%emt 0:00:14]} Rxb7 {[%emt 0:00:06]} 30. g4 {[%emt 0:02:17]} f5 {[%emt 0:08:23]} 31. gxf5 {[%emt 0:00:48]} gxf5 {[%emt 0:00:21]} 32. Bg5 {[%emt 0:00:07]} f4 {[%emt 0:01:36]} 33. Bd8 {[%emt 0:02:10]} Nba8 {[%emt 0:12:16]} 34. Bxb5 {[%emt 0:05:46]} Nxb5 {[%emt 0:01:29]} 35. Rxa8 {[%emt 0:00:06]} Kf7 {[%emt 0:00:11]} 36. Ba5 {[%emt 0:04:07]} Nd4+ {[%emt 0:06:13]} 37. Kd3 {[%emt 0:02:19]} Kf6 {[%emt 0:05:17]} 38. Bc3 {[%emt 0:01:37]} Nxb3 {[%emt 0:01:28]} 39. Bxe5+ {[%emt 0:00:45]} dxe5 {[%emt 0:00:10]} 40. Nc4 {[%emt 0:00:54]} Nd4 {[%emt 0:09:11]} 41. Ra6+ {[%emt 0:00:10]} Kg5 {[%emt 0:00:40]} 42. Nxe5 {[%emt 0:00:24]} Re7 {[%emt 0:07:42]} 43. d6 {[%emt 0:04:55]} 1-0

[Event "31st Klatovy A 2025"]
[Site "Klatovy CZE"]
[Date "2025.06.29"]
[Round "2.5"]
[White "Palek, Miroslav"]
[Black "Marsalek, Zdenek"]
[Result "1/2-1/2"]
[WhiteElo "2046"]
[BlackElo "2187"]
[PlyCount "119"]
[EventDate "2025.06.28"]
[EventType "swiss"]
[EventRounds "9"]
[EventCountry "CZE"]

1. e4 {[%emt 0:00:10]} d6 {[%emt 0:00:44]} 2. d4 {[%emt 0:00:20]} Nf6 {[%emt 0:00:17]} 3. Nc3 {[%emt 0:00:12]} e5 {[%emt 0:00:13]} 4. Nge2 {[%emt 0:02:38]} c6 {[%emt 0:00:42]} 5. a4 {[%emt 0:00:30]} Nbd7 {[%emt 0:01:14]} 6. g3 {[%emt 0:01:06]} Be7 {[%emt 0:01:18]} 7. Bg2 {[%emt 0:00:30]} O-O {[%emt 0:01:44]} 8. h3 {[%emt 0:02:12]} b6 {[%emt 0:00:22]} 9. Be3 {[%emt 0:02:18]} a6 {[%emt 0:00:39]} 10. O-O {[%emt 0:01:35]} Rb8 {[%emt 0:00:12]} 11. f4 {[%emt 0:02:03]} b5 {[%emt 0:00:26]} 12. axb5 {[%emt 0:01:25]} axb5 {[%emt 0:00:07]} 13. fxe5 {[%emt 0:07:27]} dxe5 {[%emt 0:00:58]} 14. d5 {[%emt 0:00:45]} cxd5 {[%emt 0:02:07]} 15. Nxd5 {[%emt 0:00:25]} Nxd5 {[%emt 0:01:20]} 16. exd5 {[%emt 0:01:08]} Nb6 {[%emt 0:02:58]} 17. Qd3 {[%emt 0:04:33]} Nc4 {[%emt 0:30:12]} 18. Bc1 {[%emt 0:11:49]} Qc7 {[%emt 0:04:53]} 19. b3 {[%emt 0:02:33]} Nd6 {[%emt 0:00:11]} 20. Be3 {[%emt 0:00:42]} Bd7 {[%emt 0:02:37]} 21. Ra7 {[%emt 0:00:51]} Qc8 {[%emt 0:08:42]} 22. c4 {[%emt 0:08:10]} bxc4 {[%emt 0:02:12]} 23. bxc4 {[%emt 0:00:12]} Nxc4 {[%emt 0:08:49]} 24. Rc1 {[%emt 0:05:39]} Bc5 {[%emt 0:06:13]} 25. Rxc4 {[%emt 0:02:18]} Bxe3+ {[%emt 0:00:18]} 26. Kh2 {[%emt 0:00:21]} Bb5 {[%emt 0:04:24]} 27. Rxc8 {[%emt 0:00:59]} Bxd3 {[%emt 0:00:30]} 28. Rxf8+ {[%emt 0:00:18]} Kxf8 {[%emt 0:00:28]} 29. Ra3 {[%emt 0:00:49]} e4 {[%emt 0:01:06]} 30. Bxe4 {[%emt 0:00:30]} Bxe4 {[%emt 0:00:20]} 31. Rxe3 {[%emt 0:00:13]} Bxd5 {[%emt 0:00:10]} 32. Nf4 {[%emt 0:01:14]} Rb2+ {[%emt 0:00:41]} 33. Re2 {[%emt 0:01:07]} Rxe2+ {[%emt 0:00:10]} 34. Nxe2 {[%emt 0:00:05]} Ke7 {[%emt 0:00:04]} 35. Nf4 {[%emt 0:01:58]} Kd6 {[%emt 0:01:53]} 36. g4 {[%emt 0:02:17]} Ke5 {[%emt 0:01:23]} 37. Kg3 {[%emt 0:00:08]} Be4 {[%emt 0:00:52]} 38. h4 {[%emt 0:00:21]} h6 {[%emt 0:02:06]} 39. Ne2 {[%emt 0:01:26]} Bc2 {[%emt 0:02:23]} 40. Nf4 {[%emt 0:00:40]} g6 {[%emt 0:01:06]} 41. Ne2 {[%emt 0:00:24]} Ke4 {[%emt 0:00:52]} 42. Nf4 {[%emt 0:00:30]} Bd1 {[%emt 0:00:39]} 43. Nh3 {[%emt 0:00:32]} Ke3 {[%emt 0:01:16]} 44. Nf4 {[%emt 0:00:58]} Bc2 {[%emt 0:01:06]} 45. Ng2+ {[%emt 0:00:51]} Ke4 {[%emt 0:00:13]} 46. Nf4 {[%emt 0:00:12]} Bd1 {[%emt 0:00:44]} 47. Nh3 {[%emt 0:00:20]} Be2 {[%emt 0:00:32]} 48. Nf4 {[%emt 0:00:14]} Bf3 {[%emt 0:02:41]} 49. Nh3 {[%emt 0:00:42]} Be2 {[%emt 0:01:59]} 50. g5 {[%emt 0:02:18]} h5 {[%emt 0:01:15]} 51. Nf2+ {[%emt 0:00:16]} Ke3 {[%emt 0:01:32]} 52. Nh3 {[%emt 0:01:16]} Ke4 {[%emt 0:05:09]} 53. Nf2+ {[%emt 0:00:15]} Kf5 {[%emt 0:00:08]} 54. Nh3 {[%emt 0:00:09]} Bc4 {[%emt 0:00:32]} 55. Nf2 {[%emt 0:00:16]} Bf1 {[%emt 0:00:23]} 56. Nh1 {[%emt 0:00:10]} Ke4 {[%emt 0:02:06]} 57. Nf2+ {[%emt 0:00:10]} Ke3 {[%emt 0:00:35]} 58. Nh1 {[%emt 0:00:30]} Bd3 {[%emt 0:01:00]} 59. Nf2 {[%emt 0:00:14]} Bf5 {[%emt 0:00:29]} 60. Nh1 {[%emt 0:00:25]} 1/2-1/2

[Event "31st Klatovy A 2025"]
[Site "Klatovy CZE"]
[Date "2025.06.29"]
[Round "2.6"]
[White "Mametev, Artem"]
[Black "Pycha, Patrik"]
[Result "1-0"]
[WhiteElo "2179"]
[BlackElo "2076"]
[PlyCount "61"]
[EventDate "2025.06.28"]
[EventType "swiss"]
[EventRounds "9"]
[EventCountry "CZE"]

1. e4 {[%emt 0:00:05]} e5 {[%emt 0:00:12]} 2. Nf3 {[%emt 0:00:14]} Nf6 {[%emt 0:00:06]} 3. Nc3 {[%emt 0:01:05]} Bb4 {[%emt 0:01:49]} 4. Nxe5 {[%emt 0:09:41]} O-O {[%emt 0:00:24]} 5. Be2 {[%emt 0:02:21]} Re8 {[%emt 0:01:57]} 6. Nf3 {[%emt 0:00:23]} Nxe4 {[%emt 0:15:42]} 7. Nxe4 {[%emt 0:01:46]} Rxe4 {[%emt 0:00:07]} 8. c3 {[%emt 0:00:20]} Bf8 {[%emt 0:01:16]} 9. d4 {[%emt 0:03:35]} Qe8 {[%emt 0:06:08]} 10. Be3 {[%emt 0:01:29]} d5 {[%emt 0:05:40]} 11. Bd3 {[%emt 0:03:06]} Re7 {[%emt 0:00:38]} 12. Qc2 {[%emt 0:07:59]} h6 {[%emt 0:04:14]} 13. O-O {[%emt 0:04:39]} Nc6 {[%emt 0:01:50]} 14. h3 {[%emt 0:01:42]} Be6 {[%emt 0:09:50]} 15. b4 {[%emt 0:00:52]} f6 {[%emt 0:14:36]} 16. Nh4 {[%emt 0:09:04]} Bf7 {[%emt 0:00:15]} 17. Bh7+ {[%emt 0:09:01]} Kh8 {[%emt 0:00:06]} 18. Ng6+ {[%emt 0:00:06]} Bxg6 {[%emt 0:00:38]} 19. Bxg6 {[%emt 0:00:03]} Qd7 {[%emt 0:01:08]} 20. Qe2 {[%emt 0:01:05]} Nd8 {[%emt 0:02:01]} 21. Qh5 {[%emt 0:01:03]} Nf7 {[%emt 0:03:53]} 22. Bd3 {[%emt 0:02:42]} Nd6 {[%emt 0:01:00]} 23. Qxd5 {[%emt 0:03:49]} c6 {[%emt 0:03:50]} 24. Qh5 {[%emt 0:02:02]} f5 {[%emt 0:00:26]} 25. Bf4 {[%emt 0:03:08]} Ne4 {[%emt 0:02:56]} 26. Rac1 {[%emt 0:00:54]} g5 {[%emt 0:04:47]} 27. Bxe4 {[%emt 0:01:36]} fxe4 {[%emt 0:00:13]} 28. Be5+ {[%emt 0:01:12]} Kh7 {[%emt 0:00:09]} 29. Qe2 {[%emt 0:00:47]} Qf5 {[%emt 0:00:46]} 30. Rfe1 {[%emt 0:01:31]} Bg7 {[%emt 0:00:48]} 31. Qxe4 {[%emt 0:02:57]} 1-0

[Event "31st Klatovy A 2025"]
[Site "Klatovy CZE"]
[Date "2025.06.29"]
[Round "2.7"]
[White "Krivka, Matej"]
[Black "Krivanek, Vladimir"]
[Result "1/2-1/2"]
[WhiteElo "2000"]
[BlackElo "2172"]
[PlyCount "105"]
[EventDate "2025.06.28"]
[EventType "swiss"]
[EventRounds "9"]
[EventCountry "CZE"]

1. e4 {[%emt 0:00:01]} e5 {[%emt 0:00:31]} 2. Nf3 {[%emt 0:00:10]} Nc6 {[%emt 0:00:38]} 3. Bb5 {[%emt 0:00:12]} a6 {[%emt 0:00:09]} 4. Ba4 {[%emt 0:00:08]} Nf6 {[%emt 0:00:14]} 5. O-O {[%emt 0:00:25]} Be7 {[%emt 0:01:21]} 6. Re1 {[%emt 0:00:16]} d6 {[%emt 0:02:36]} 7. c3 {[%emt 0:01:26]} Bg4 {[%emt 0:03:16]} 8. h3 {[%emt 0:02:43]} Bd7 {[%emt 0:02:39]} 9. d4 {[%emt 0:01:38]} b5 {[%emt 0:01:37]} 10. Bb3 {[%emt 0:02:10]} O-O {[%emt 0:00:48]} 11. Nbd2 {[%emt 0:01:58]} Re8 {[%emt 0:01:53]} 12. Nf1 {[%emt 0:02:25]} Bf8 {[%emt 0:00:39]} 13. Ng3 {[%emt 0:01:16]} Na5 {[%emt 0:02:17]} 14. Bc2 {[%emt 0:01:13]} c5 {[%emt 0:02:53]} 15. d5 {[%emt 0:06:34]} Nb7 {[%emt 0:02:09]} 16. Nh2 {[%emt 0:04:04]} g6 {[%emt 0:03:32]} 17. Qf3 {[%emt 0:15:00]} Bg7 {[%emt 0:03:32]} 18. Bg5 {[%emt 0:02:12]} h6 {[%emt 0:00:51]} 19. Be3 {[%emt 0:01:19]} Rf8 {[%emt 0:04:34]} 20. Qe2 {[%emt 0:07:00]} Qc7 {[%emt 0:02:45]} 21. Ng4 {[%emt 0:08:56]} Nxg4 {[%emt 0:03:28]} 22. hxg4 {[%emt 0:00:11]} Qd8 {[%emt 0:01:48]} 23. f3 {[%emt 0:05:37]} Kh7 {[%emt 0:16:29]} 24. Kf2 {[%emt 0:04:03]} Bf6 {[%emt 0:09:33]} 25. Rh1 {[%emt 0:09:34]} Bg5 {[%emt 0:00:56]} 26. Qd2 {[%emt 0:05:31]} f6 {[%emt 0:00:22]} 27. Rh2 {[%emt 0:06:35]} Kg7 {[%emt 0:01:00]} 28. Rah1 {[%emt 0:01:40]} Rh8 {[%emt 0:00:11]} 29. Ne2 {[%emt 0:03:36]} c4 {[%emt 0:07:46]} 30. f4 {[%emt 0:16:28]} exf4 {[%emt 0:01:13]} 31. Nxf4 {[%emt 0:01:39]} Bxg4 {[%emt 0:12:54]} 32. Kg3 {[%emt 0:05:49]} h5 {[%emt 0:02:18]} 33. Qd4 {[%emt 0:02:19]} Bxf4+ {[%emt 0:03:51]} 34. Bxf4 {[%emt 0:00:13]} Qe7 {[%emt 0:00:19]} 35. Re1 {[%emt 0:02:53]} g5 {[%emt 0:01:50]} 36. Bxg5 {[%emt 0:01:41]} Qe5+ {[%emt 0:00:06]} 37. Bf4 {[%emt 0:00:48]} Qxd4 {[%emt 0:00:38]} 38. cxd4 {[%emt 0:00:07]} Rae8 {[%emt 0:04:28]} 39. Rhh1 {[%emt 0:00:41]} Rhg8 {[%emt 0:00:43]} 40. Rhf1 {[%emt 0:01:04]} Bd7 {[%emt 0:01:16]} 41. Kh2 {[%emt 0:01:11]} b4 {[%emt 0:03:19]} 42. Re3 {[%emt 0:02:57]} a5 {[%emt 0:02:33]} 43. e5 {[%emt 0:00:36]} dxe5 {[%emt 0:06:40]} 44. dxe5 {[%emt 0:00:07]} Nc5 {[%emt 0:00:09]} 45. e6 {[%emt 0:01:26]} Bb5 {[%emt 0:03:13]} 46. Bd6 {[%emt 0:01:07]} b3 {[%emt 0:01:54]} 47. Bxc5 {[%emt 0:02:08]} c3 {[%emt 0:00:37]} 48. Rfe1 {[%emt 0:00:46]} bxc2 {[%emt 0:00:30]} 49. bxc3 {[%emt 0:00:20]} Bc4 {[%emt 0:00:23]} 50. Rc1 {[%emt 0:01:17]} Bxd5 {[%emt 0:00:23]} 51. Rxc2 {[%emt 0:00:23]} Rxe6 {[%emt 0:00:52]} 52. Rxe6 {[%emt 0:00:19]} Bxe6 {[%emt 0:00:01]} 53. Bd4 {[%emt 0:00:16]} 1/2-1/2

[Event "31st Klatovy A 2025"]
[Site "Klatovy CZE"]
[Date "2025.06.29"]
[Round "2.8"]
[White "Simet, Martin"]
[Black "Pirklova, Hana"]
[Result "1/2-1/2"]
[WhiteElo "2151"]
[BlackElo "2048"]
[PlyCount "42"]
[EventDate "2025.06.28"]
[EventType "swiss"]
[EventRounds "9"]
[EventCountry "CZE"]

1. b3 {[%emt 0:00:03]} d5 {[%emt 0:03:11]} 2. Bb2 {[%emt 0:00:07]} e6 {[%emt 0:01:50]} 3. f4 {[%emt 0:00:36]} Nf6 {[%emt 0:00:49]} 4. Nf3 {[%emt 0:00:27]} c5 {[%emt 0:04:31]} 5. e3 {[%emt 0:02:56]} Nc6 {[%emt 0:02:34]} 6. Bb5 {[%emt 0:05:21]} Bd7 {[%emt 0:07:55]} 7. O-O {[%emt 0:01:34]} Be7 {[%emt 0:01:32]} 8. Nc3 {[%emt 0:03:30]} O-O {[%emt 0:01:01]} 9. Qe1 {[%emt 0:03:34]} Nb4 {[%emt 0:15:43]} 10. Bxd7 {[%emt 0:12:05]} Qxd7 {[%emt 0:00:54]} 11. Ne5 {[%emt 0:00:30]} Qd8 {[%emt 0:00:04]} 12. Qc1 {[%emt 0:03:43]} d4 {[%emt 0:02:20]} 13. Nd1 {[%emt 0:00:37]} Rc8 {[%emt 0:13:15]} 14. Nf2 {[%emt 0:18:48]} Nfd5 {[%emt 0:06:42]} 15. c4 {[%emt 0:04:45]} Nf6 {[%emt 0:08:51]} 16. Nf3 {[%emt 0:06:51]} dxe3 {[%emt 0:07:05]} 17. dxe3 {[%emt 0:01:11]} Nd3 {[%emt 0:00:06]} 18. Nxd3 {[%emt 0:07:39]} Qxd3 {[%emt 0:00:11]} 19. Rd1 {[%emt 0:02:39]} Qe2 {[%emt 0:03:43]} 20. Re1 {[%emt 0:26:35]} Qd3 {[%emt 0:00:24]} 21. Rd1 {[%emt 0:01:03]} Qe2 {[%emt 0:00:09]} 1/2-1/2

[Event "31st Klatovy A 2025"]
[Site "Klatovy CZE"]
[Date "2025.06.29"]
[Round "2.9"]
[White "Pecka, Jan"]
[Black "Andrle, Filip"]
[Result "1/2-1/2"]
[WhiteElo "2140"]
[BlackElo "2019"]
[PlyCount "57"]
[EventDate "2025.06.28"]
[EventType "swiss"]
[EventRounds "9"]
[EventCountry "CZE"]

1. b3 {[%emt 0:00:10]} e5 {[%emt 0:00:08]} 2. Bb2 {[%emt 0:00:07]} Nc6 {[%emt 0:00:06]} 3. e3 {[%emt 0:00:07]} Nf6 {[%emt 0:00:08]} 4. Bb5 {[%emt 0:00:09]} Bd6 {[%emt 0:00:21]} 5. Ne2 {[%emt 0:02:16]} a6 {[%emt 0:02:22]} 6. Bxc6 {[%emt 0:00:16]} dxc6 {[%emt 0:00:06]} 7. d3 {[%emt 0:01:43]} O-O {[%emt 0:02:01]} 8. Nd2 {[%emt 0:05:33]} Qe7 {[%emt 0:05:49]} 9. e4 {[%emt 0:01:15]} c5 {[%emt 0:09:51]} 10. O-O {[%emt 0:04:01]} Nh5 {[%emt 0:05:15]} 11. Nc4 {[%emt 0:25:08]} b5 {[%emt 0:06:59]} 12. Nxd6 {[%emt 0:01:53]} cxd6 {[%emt 0:00:26]} 13. f4 {[%emt 0:02:39]} Bg4 {[%emt 0:00:45]} 14. fxe5 {[%emt 0:01:40]} dxe5 {[%emt 0:00:09]} 15. Qd2 {[%emt 0:07:07]} Bxe2 {[%emt 0:06:41]} 16. Qxe2 {[%emt 0:01:45]} Nf4 {[%emt 0:01:06]} 17. Qg4 {[%emt 0:02:05]} f6 {[%emt 0:00:26]} 18. Kh1 {[%emt 0:05:34]} Rad8 {[%emt 0:04:07]} 19. Rf3 {[%emt 0:06:06]} Ne6 {[%emt 0:00:36]} 20. Raf1 {[%emt 0:01:28]} Nd4 {[%emt 0:08:17]} 21. Bxd4 {[%emt 0:03:14]} cxd4 {[%emt 0:16:11]} 22. Rh3 {[%emt 0:00:23]} Rd6 {[%emt 0:01:31]} 23. Qh4 {[%emt 0:00:59]} g6 {[%emt 0:00:20]} 24. Rhf3 {[%emt 0:02:28]} Rc6 {[%emt 0:00:50]} 25. g4 {[%emt 0:04:08]} g5 {[%emt 0:01:12]} 26. Qh6 {[%emt 0:04:31]} Qg7 {[%emt 0:00:45]} 27. Qxg7+ {[%emt 0:00:13]} Kxg7 {[%emt 0:00:06]} 28. R3f2 {[%emt 0:01:26]} Re8 {[%emt 0:01:18]} 29. Ra1 {[%emt 0:00:53]} 1/2-1/2

[Event "31st Klatovy A 2025"]
[Site "Klatovy CZE"]
[Date "2025.06.29"]
[Round "2.10"]
[White "Bartak, Josef"]
[Black "Tvrdik, Daniel"]
[Result "0-1"]
[WhiteElo "1953"]
[BlackElo "2140"]
[PlyCount "63"]
[EventDate "2025.06.28"]
[EventType "swiss"]
[EventRounds "9"]
[EventCountry "CZE"]

1. e4 {[%emt 0:00:03]} Nf6 {[%emt 0:00:10]} 2. Nc3 {[%emt 0:00:15]} d5 {[%emt 0:00:06]} 3. exd5 {[%emt 0:00:58]} Nxd5 {[%emt 0:00:10]} 4. Bc4 {[%emt 0:00:40]} Nb6 {[%emt 0:00:50]} 5. Bb3 {[%emt 0:02:35]} c5 {[%emt 0:00:09]} 6. d3 {[%emt 0:00:16]} Nc6 {[%emt 0:01:09]} 7. Be3 {[%emt 0:02:08]} e6 {[%emt 0:04:01]} 8. Nf3 {[%emt 0:01:37]} Nd5 9. Qd2 {[%emt 0:14:43]} Be7 10. O-O-O Nxe3 11. fxe3 Na5 12. Ba4+ Bd7 13. Bxd7+ Qxd7 14. Ne4 {[%emt 0:48:45]} Qc7 15. Qc3 O-O 16. b4 Nc6 17. bxc5 b6 18. d4 {[%emt 0:28:27]} Rab8 {[%emt 0:01:51]} 19. Kd2 {[%emt 0:10:07]} bxc5 {[%emt 0:08:06]} 20. Nxc5 {[%emt 0:02:19]} Nb4 {[%emt 0:12:31]} 21. Rb1 {[%emt 0:11:50]} Nd5 {[%emt 0:03:23]} 22. Qc4 {[%emt 0:01:23]} Qa5+ {[%emt 0:02:33]} 23. c3 {[%emt 0:01:22]} Bxc5 {[%emt 0:04:41]} 24. dxc5 {[%emt 0:00:44]} Rbd8 {[%emt 0:00:53]} 25. Nd4 {[%emt 0:09:06]} e5 {[%emt 0:01:51]} 26. Rb5 {[%emt 0:05:28]} Qc7 {[%emt 0:03:31]} 27. g3 {[%emt 0:06:55]} Rfe8 {[%emt 0:05:41]} 28. Re1 {[%emt 0:05:25]} exd4 {[%emt 0:02:19]} 29. cxd4 {[%emt 0:00:11]} a6 {[%emt 0:02:55]} 30. Rb3 {[%emt 0:02:11]} Qa5+ {[%emt 0:01:18]} 31. Kd3 {[%emt 0:00:07]} Qxe1 {[%emt 0:01:09]} 32. Rb1 {[%emt 0:00:08]} 0-1

[Event "31st Klatovy A 2025"]
[Site "Klatovy CZE"]
[Date "2025.06.29"]
[Round "2.11"]
[White "Hacha, Ales"]
[Black "Langmajer, Jan"]
[Result "1-0"]
[WhiteElo "2139"]
[BlackElo "1994"]
[PlyCount "95"]
[EventDate "2025.06.28"]
[EventType "swiss"]
[EventRounds "9"]
[EventCountry "CZE"]

1. Nf3 {[%emt 0:08:25]} f5 {[%emt 0:00:12]} 2. c4 {[%emt 0:00:38]} g6 {[%emt 0:00:13]} 3. Nc3 {[%emt 0:00:34]} Nf6 {[%emt 0:00:10]} 4. g3 {[%emt 0:00:36]} Bg7 {[%emt 0:00:12]} 5. Bg2 {[%emt 0:00:06]} O-O {[%emt 0:00:09]} 6. O-O {[%emt 0:00:07]} d6 {[%emt 0:00:24]} 7. d4 {[%emt 0:00:08]} Nc6 {[%emt 0:00:49]} 8. d5 {[%emt 0:03:58]} Na5 {[%emt 0:00:05]} 9. Qa4 {[%emt 0:00:49]} c5 {[%emt 0:00:15]} 10. Nd2 {[%emt 0:00:51]} Bd7 {[%emt 0:11:14]} 11. Qc2 {[%emt 0:12:33]} a6 {[%emt 0:02:23]} 12. a4 {[%emt 0:00:37]} Rb8 {[%emt 0:02:11]} 13. Qd3 {[%emt 0:05:16]} Ng4 {[%emt 0:20:28]} 14. e3 {[%emt 0:08:14]} e5 {[%emt 0:13:15]} 15. dxe6 {[%emt 0:06:26]} Bxe6 {[%emt 0:00:37]} 16. Nd5 {[%emt 0:02:03]} Nc6 {[%emt 0:22:03]} 17. h3 {[%emt 0:05:45]} Nge5 {[%emt 0:04:42]} 18. Qe2 {[%emt 0:01:32]} Bxd5 {[%emt 0:01:10]} 19. Bxd5+ {[%emt 0:00:17]} Kh8 {[%emt 0:00:06]} 20. Rd1 {[%emt 0:02:40]} g5 {[%emt 0:12:05]} 21. Nf1 {[%emt 0:18:29]} Ne7 {[%emt 0:05:07]} 22. Rb1 {[%emt 0:05:56]} Nxd5 {[%emt 0:04:11]} 23. Rxd5 {[%emt 0:10:19]} g4 {[%emt 0:00:17]} 24. Nd2 {[%emt 0:02:11]} Qf6 {[%emt 0:08:30]} 25. b4 {[%emt 0:04:37]} cxb4 {[%emt 0:00:34]} 26. Rxb4 {[%emt 0:00:17]} Qh6 {[%emt 0:04:42]} 27. h4 {[%emt 0:02:48]} Qh5 {[%emt 0:02:28]} 28. Kg2 {[%emt 0:00:26]} Ng6 {[%emt 0:06:41]} 29. Bb2 {[%emt 0:04:12]} Bxb2 {[%emt 0:01:45]} 30. Rxb2 {[%emt 0:02:00]} Nxh4+ {[%emt 0:01:12]} 31. gxh4 {[%emt 0:00:08]} Qxh4 {[%emt 0:00:12]} 32. Nf1 {[%emt 0:03:27]} f4 {[%emt 0:04:03]} 33. exf4 {[%emt 0:00:17]} Rxf4 {[%emt 0:00:22]} 34. Qe3 {[%emt 0:05:09]} Rxc4 {[%emt 0:04:13]} 35. Rxd6 {[%emt 0:01:20]} Qh3+ {[%emt 0:00:33]} 36. Qxh3 {[%emt 0:00:11]} gxh3+ {[%emt 0:00:02]} 37. Kxh3 {[%emt 0:00:08]} Rxa4 {[%emt 0:00:05]} 38. Rdb6 {[%emt 0:00:06]} Rf4 {[%emt 0:01:15]} 39. Rxa6 {[%emt 0:00:32]} bxa6 {[%emt 0:00:31]} 40. Rxb8+ {[%emt 0:00:06]} Kg7 {[%emt 0:00:03]} 41. Kg3 {[%emt 0:00:06]} Ra4 {[%emt 0:00:14]} 42. Ne3 {[%emt 0:00:22]} Ra3 {[%emt 0:00:49]} 43. Kf4 {[%emt 0:00:17]} a5 {[%emt 0:00:57]} 44. Ke5 {[%emt 0:00:13]} h5 {[%emt 0:00:38]} 45. Nf5+ {[%emt 0:00:21]} Kg6 {[%emt 0:00:23]} 46. Rb7 {[%emt 0:01:08]} h4 {[%emt 0:00:50]} 47. Rg7+ {[%emt 0:00:08]} Kh5 {[%emt 0:00:08]} 48. Kf6 {[%emt 0:00:10]} 1-0

[Event "31st Klatovy A 2025"]
[Site "Klatovy CZE"]
[Date "2025.06.29"]
[Round "2.12"]
[White "Martinkovic, Adam"]
[Black "Vltavsky, Vladimir"]
[Result "0-1"]
[WhiteElo "1921"]
[BlackElo "2122"]
[PlyCount "89"]
[EventDate "2025.06.28"]
[EventType "swiss"]
[EventRounds "9"]
[EventCountry "CZE"]

1. d4 {[%emt 0:00:01]} d6 {[%emt 0:10:42]} 2. Nf3 {[%emt 0:00:39]} Nd7 {[%emt 0:00:18]} 3. e4 {[%emt 0:03:09]} e5 {[%emt 0:01:03]} 4. Bc4 {[%emt 0:01:20]} Be7 {[%emt 0:00:12]} 5. Nc3 {[%emt 0:01:59]} c6 {[%emt 0:00:19]} 6. Bb3 {[%emt 0:03:01]} Ngf6 {[%emt 0:01:29]} 7. O-O {[%emt 0:02:13]} O-O {[%emt 0:02:54]} 8. h3 {[%emt 0:02:27]} b5 {[%emt 0:02:59]} 9. a3 {[%emt 0:03:59]} Rb8 {[%emt 0:00:44]} 10. Be3 {[%emt 0:01:26]} a5 {[%emt 0:02:02]} 11. Nd2 {[%emt 0:03:06]} c5 {[%emt 0:03:08]} 12. d5 {[%emt 0:06:30]} Ba6 {[%emt 0:25:39]} 13. Ne2 {[%emt 0:02:45]} c4 {[%emt 0:05:33]} 14. Ba2 {[%emt 0:00:35]} Qc7 {[%emt 0:00:12]} 15. Ng3 {[%emt 0:03:40]} Rfc8 {[%emt 0:05:36]} 16. c3 {[%emt 0:01:31]} Nc5 {[%emt 0:00:36]} 17. f4 {[%emt 0:04:21]} Nd3 {[%emt 0:00:20]} 18. Nf5 {[%emt 0:05:05]} Nxb2 {[%emt 0:03:46]} 19. Qf3 {[%emt 0:01:11]} Nd3 {[%emt 0:02:47]} 20. Bb1 {[%emt 0:03:49]} exf4 {[%emt 0:03:06]} 21. Bxf4 {[%emt 0:03:41]} Nxf4 {[%emt 0:03:08]} 22. Qxf4 {[%emt 0:02:58]} Bf8 {[%emt 0:00:43]} 23. Qh4 {[%emt 0:04:17]} Re8 {[%emt 0:04:22]} 24. Nf3 {[%emt 0:03:29]} Bc8 {[%emt 0:02:12]} 25. e5 {[%emt 0:06:08]} dxe5 {[%emt 0:01:50]} 26. Ng5 {[%emt 0:02:24]} e4 {[%emt 0:07:28]} 27. Nxe4 {[%emt 0:03:47]} Nxe4 {[%emt 0:07:12]} 28. Bxe4 {[%emt 0:00:08]} g6 {[%emt 0:01:14]} 29. d6 {[%emt 0:05:49]} Qc5+ {[%emt 0:01:59]} 30. Nd4 {[%emt 0:00:09]} f5 {[%emt 0:07:26]} 31. Bc2 {[%emt 0:03:04]} Bxd6 {[%emt 0:01:05]} 32. Kh1 {[%emt 0:02:23]} Qe5 {[%emt 0:01:20]} 33. Nf3 {[%emt 0:00:58]} Qg3 {[%emt 0:01:29]} 34. Qxg3 {[%emt 0:06:09]} Bxg3 {[%emt 0:00:10]} 35. Rab1 {[%emt 0:00:20]} Bd6 {[%emt 0:02:38]} 36. Nd4 {[%emt 0:00:34]} Bd7 {[%emt 0:00:06]} 37. Rfd1 {[%emt 0:01:34]} Bxa3 {[%emt 0:00:59]} 38. Ra1 {[%emt 0:00:21]} Bb2 {[%emt 0:02:29]} 39. Rxa5 {[%emt 0:00:10]} Rb7 {[%emt 0:00:19]} 40. Ra6 {[%emt 0:01:50]} Bxc3 {[%emt 0:00:26]} 41. Rd6 {[%emt 0:00:15]} Bxd4 {[%emt 0:03:58]} 42. R6xd4 {[%emt 0:00:10]} Be6 {[%emt 0:00:09]} 43. Re1 {[%emt 0:00:20]} Kf7 {[%emt 0:00:34]} 44. Rh4 {[%emt 0:01:28]} Kf6 {[%emt 0:00:22]} 45. Rxc4 {[%emt 0:01:17]} 0-1